logo

Bir Sreshtho Munshi Abdur Rouf Library
Jhenaidah Cadet College

গণতন্ত্রের সংগ্রাম : (Record no. 10295)

MARC details
000 -LEADER
fixed length control field 00943nam a2200241 a 4500
001 - CONTROL NUMBER
JCCL Control Number 10295
003 - CONTROL NUMBER IDENTIFIER
JCCL marc code BD-JhCC
005 - DATE AND TIME OF LATEST TRANSACTION
control field 20180423172347.0
008 - FIXED-LENGTH DATA ELEMENTS--GENERAL INFORMATION
fixed length control field 180423s1992 bg a|||| |||| 000 0 mul d
035 ## - SYSTEM CONTROL NUMBER
system control number (BD-JhCC)10295
040 ## - CATALOGING SOURCE
Original cataloging agency BD-JhCC
Modifying agency BD-JhCC
041 ## - LANGUAGE CODE
Language code of Book Bengali and English
082 ## - DEWEY DECIMAL CLASSIFICATION NUMBER
Classification number 321.8
Author mark and Year ZIA 1992
100 ## - MAIN ENTRY--PERSONAL NAME
Personal name জিয়া, বেগম খালেদা
245 ## - TITLE STATEMENT
Title গণতন্ত্রের সংগ্রাম :
Remainder of title Struggle for Democracy /
Statement of responsibility, etc বেগম খালেদা জিয়া ; এ এম জহিরউদ্দিন খান [সম্পা:]
260 ## - PUBLICATION, DISTRIBUTION, ETC. (IMPRINT)
Place of publication, distribution, etc ঢাকা :
Name of publisher, distributor, etc জাতীয়তাবদী প্রকাশন ট্রাস্ট,
Date of publication, distribution, etc 1992.
300 ## - PHYSICAL DESCRIPTION
Pagination 200 P. :
Other physical details ill. ;
Dimensions 30 cm.
500 ## - GENERAL NOTE
General note Photographs by Lutfar Rahman Binu
650 ## - SUBJECT ADDED ENTRY--TOPICAL TERM
Topical term or geographic name as entry element Democracy
700 ## - ADDED ENTRY--PERSONAL NAME
Personal name খান, এ এম জহিরউদ্দিন
942 ## - ADDED ENTRY ELEMENTS (KOHA)
Source of classification or shelving scheme Dewey Decimal Classification
Koha item type Books
Holdings
Source of classification or shelving scheme Damaged status Not for loan Home library Current library Shelving location Date of accession Cost, normal purchase price Total Checkouts Full call number Barcode Date last seen Copy number Koha item type
Dewey Decimal Classification     JCC Rouf Library JCC Rouf Library General Stacks 02/23/2018 1800.00   321.8 ZIA 1992 13315 04/23/2018 C-1 Books

JCC Library | Contacts | JCC Home

Last Update on 23 September 2017
Copyright @ 2017-2020 JCC Rouf Library
Rouf Library, Jhenidah Cadet College (JCC), Bangladesh